| 000 | 00565pab a2200193 454500 | ||
|---|---|---|---|
| 008 | 180718b2008 xxu||||| |||| 00| 0 eng d | ||
| 100 | _aScruggs, Lyle A. | ||
| 245 | _aSocial stratification and welfare regimes for the twenty-first century: revisiting the three worlds of welfare capitalism | ||
| 260 | _c2008 | ||
| 300 | _ap.642-64. | ||
| 362 | _aJul | ||
| 650 | _aCapitalism - 21st century | ||
| 650 | _aSocial policy - 21st century | ||
| 650 | _aSocial policy | ||
| 700 | _aAllan, James P. | ||
| 773 | _aWorld Politics | ||
| 908 | _aN | ||
| 909 | _a80070 | ||
| 999 |
_c80070 _d80070 |
||